Proceedings /

Bibliographic Details
Uniform Title:Proceedings (John Fitzgerald Kennedy School of Government. Institute of Politics)
Corporate Author: John Fitzgerald Kennedy School of Government. Institute of Politics
Format: Serial
Language:English
Published: [Cambridge, Mass.] : John F. Kennedy School of Government, Harvard University, [1979?-]
Subjects:

MARC

Tag First Indicator Second Indicator Subfields
LEADER 00000cas a2200000 a 4500
001 in00000085584
005 20151008061541.0
008 810804c19799999mauar 0uuua0eng d
035 |a (OCoLC)07638730 
035 |9 AAJ8306AM 
040 |a KKC  |c KKC  |d TXA  |d UtOrBLW 
049 |a TXAE 
090 |a JA1  |b .P76 
092 |a 320  |b Pro  |b yr. 
130 0 |a Proceedings (John Fitzgerald Kennedy School of Government. Institute of Politics) 
245 1 0 |a Proceedings /  |c Institute of Politics. 
264 1 |a [Cambridge, Mass.] :  |b John F. Kennedy School of Government, Harvard University,  |c [1979?-] 
300 |a volumes ;  |c 23 cm. 
310 |a Annual 
336 |a text  |b txt  |2 rdacontent 
337 |a unmediated  |b n  |2 rdamedia 
338 |a volume  |b nc  |2 rdacarrier 
362 0 |a 1977-78, 1978-79- 
650 0 |a Political science  |v Periodicals. 
710 2 |a John Fitzgerald Kennedy School of Government.  |b Institute of Politics. 
999 |a MARS 
999 f f |s ba06f9de-6632-30c3-8020-f4e4f38dd7c6  |i bf1e3c9d-dc03-3a5c-a199-b14af15bc8d8  |t 0 
952 f f |p ric  |a Texas A&M University  |b Rellis Campus  |c Joint Library Facility  |d Remote Storage  |t 0  |e JA1 .P76  |h Library of Congress classification  |i unmediated -- volume  |k 1977-1979  |m A14842119944 
998 f f |a JA1 .P76  |s 1977-1979  |t 0  |l Remote Storage